| 000 | 01089ngm a22003610a 4500 | ||
|---|---|---|---|
| 001 | PT39902 | ||
| 003 | AR-LpoUNG | ||
| 005 | 20210201235847.0 | ||
| 007 | vd cvaizq | ||
| 008 | 191001s2007||||ag |||||||||||||||||spa d | ||
| 037 | _c$10 | ||
| 040 |
_aAR-LpoUNG _bspa _cAR-LpoUNG _eaacr |
||
| 041 | _aspa | ||
| 044 | _aag | ||
| 082 | 0 | _a302.5 459c | |
| 100 | 1 |
_aPerrone, Raúl _edir. |
|
| 245 | 1 | 0 | _a5 pal'peso |
| 260 |
_aBuenos Aires : _bs.e. _c2007. |
||
| 300 | _aDVD (80 min.) : son., col. | ||
| 505 | 0 | _aHecha en 1998. - Elenco: Mauro Alchuler, Valentina Bassi, Micaela Abidor, Carlos Briolotti, Adrián Otero, Ivan Noble. | |
| 520 | _aFilm testimonial. Descripción del mundo de jóvenes de Ituzaingó, en el que sobreviven y pelean sin salir de su localidad dominada por pizzerías, salones de pool y casas bajas. | ||
| 650 | 4 | _aARGENTINA | |
| 650 | 4 | _aDRAMA | |
| 650 | 4 | _aITUZAINGO | |
| 650 | 4 | _aJUVENTUD | |
| 651 | 4 | _aArgentina | |
| 653 | _aCINE ARGENTINO | ||
| 653 | _aDOCUMENTALES | ||
| 653 | _aDVD | ||
| 653 | _aVIDEOS | ||
| 905 | _a39902 | ||
| 942 | _cDVD | ||
| 999 |
_c53626 _d53626 |
||